00499nam a2200193 a 4500001001300000003000900013005001700022008004100039020001100080082001500091100001500106245006000121260004100181300000900222500003500231505001000266650001400276700001500290nice12345678IN_TiNIC20260116011530.0050524s1962 newa grp 000 0 eng  ac22.200a232.3bFRA aFrank, R S aWork of Christb Historical Study of Christian Doctrine aNew YorkbThomas Nelson & Sonsc1962 a708p aincludes index and biblioraphy2 aIndex aAtonement1 aFrank, R S